Normas para el parque humano: una respuesta a la carta sobre humanismo de Heidegger

Gespeichert in:
Bibliographische Detailangaben
1. Verfasser: Sloterdijk, Peter (VerfasserIn)
Format: Buch
Sprache:Spanisch
Veröffentlicht: Madrid Siruela 2000
Ausgabe:1a. ed
Schriftenreihe:Biblioteca de Ensayo
Schlagworte:
Tags: Tag hinzufügen
Keine Tags, Fügen Sie den ersten Tag hinzu!

MARC

LEADER 00000cam a2200000 a 4500
001 UCD2319
003 CL-VaPUC
008 160421e20000000sp |||||||||||||||||spa|d
082 0 4 |a 144  |b SLO  |2 21 
100 0 |a Sloterdijk, Peter  |e author  |9 585648 
245 1 0 |a Normas para el parque humano: una respuesta a la carta sobre humanismo de Heidegger 
250 |a 1a. ed 
300 |a 92 p 
942 |c BK 
945 |d 20160421 23:07:00  |a arojas 
260 |a Madrid  |b Siruela  |c 2000 
650 0 |a Humanismo  |9 256530 
650 0 |a Ciencias Políticas  |9 255201 
650 0 |a Filosofía   |9 223554 
583 |a last modification  |c 20160421 23:07:00  |k Rodrigo Vera 
490 0 |a Biblioteca de Ensayo 
999 |c 363481  |d 363479 
952 |0 0  |1 0  |3 erb  |4 0  |6 144_000000000000000_SLO_2000  |7 0  |8 R  |9 475933  |a BIBARQ  |b BIBARQ  |i 5282764  |o 144 SLO 2000  |p 5282764  |r 2025-01-20  |w 2019-11-24  |y BK_R  |z Catalogado en:20160421  |k ARQ